Regions in Industrial Transition Policies for People and Places

Guardado en:
Detalles Bibliográficos
Formato: Libro
Lenguaje:inglés
Publicado: Paris OECD 2019
Materias:
Etiquetas: Agregar Etiqueta
Sin Etiquetas, Sea el primero en etiquetar este registro!

MARC

LEADER 00000nam a2200000 4500
001 0267338
005 20221220065141.1
020 |a 978-92-64-80468-5 
041 0 |a eng 
044 |a FR 
245 1 0 |a Regions in Industrial Transition  |b Policies for People and Places 
264 1 |a Paris  |b OECD  |c 2019 
300 |a 154 s. 
610 2 0 |a regióny 
610 2 0 |a priemysel 
610 2 0 |a transformácia 
610 2 0 |a politika 
610 2 0 |a inovácia 
610 2 0 |a miesta pracovné 
610 2 0 |a podpora podnikania 
610 2 0 |a porovnanie štatistické medzinárodné